Les Excavacions del Clos de la Torre / Josep Ma Cuyàs Tolosa

por Cuyàs i Tolosa, Josep Ma

Publicado: Aubada, setmanari catòlic, pro aris et focis, any XX, núm. 944 (gener 1936), pàg. 1 :
Descripción Física: 32 cm

MARC

LEADER 00000nam a2200000Ia 4500
001 22869
008 160829s9999 xx 000 0 cat d
080 |a RF-17-7 
100 |a Cuyàs i Tolosa, Josep Ma  |9 29440 
245 |a Les Excavacions del Clos de la Torre / Josep Ma Cuyàs Tolosa 
260 |a Aubada, setmanari catòlic, pro aris et focis, any XX, núm. 944 (gener 1936), pàg. 1 
300 |a 32 cm 
590 |a Secció de la revista: D'actualitat badalonina 
650 |a Clos de la Torre (Badalona : Jaciment arqueològic)  |9 46433 
856 4 |u https://media.diba.cat/diba/fitxers/arxiu/fulletons/bib_22869_1936_baixa.pdf  |y Accés lliure 
856 4 |u https://media.diba.cat/diba/fitxers/arxiu/fulletons/bib_22869_1936_baixa.pdf  |y Accés lliure 
901 |a Arxiu 
942 |n 1  |2 udc 
952 |0 0  |1 0  |4 0  |6 RF177  |7 1  |9 53202  |a Arxiu  |b Arxiu  |d 2016-12-01  |l 0  |o RF-17-7  |p 22869  |r 2016-12-01 00:00:00  |w 2016-12-01  |y ARXIU 
999 |c 57051  |d 57051 
900 |a bib_22869_1936_baixa.pdf